| 000 | 00413nam a2200121Ia 4500 | ||
|---|---|---|---|
| 008 | 230907s9999||||xx |||||||||||||| ||und|| | ||
| 082 |
_a333.7916 _bHOR |
||
| 100 |
_aHordeski, Michael F. _9106599 |
||
| 245 | 0 | _aMegatrends for energy efficiency and renewable energy / | |
| 260 |
_aFairmont Press ; | Distributed by Taylor & Francis, _bLilburn, GA : | Boca Raton, FL : _c2011 |
||
| 300 | _aix, 305 p. ; | ||
| 942 | _cBK | ||
| 999 |
_c599573 _d599573 |
||